000
00315nam a2200121Ia 4500
008
231129s1972||||xx |||||||||||||| ||spa||
082
_a
HAJ- 0348
100
_a
Breton Guy
245
0
_a
La historia de Francia es una historia galante I
260
_c
1972
264
_a
Barcelona: Bruguera 1972
942
_2
ddc
_c
BKS
999
_c
17313
_d
17313